[Event "July 23 Late 2024"]
[Site "Chess.com"]
[Date "2024.07.23"]
[Round "5.2"]
[White "Nakamura, Hikaru"]
[Black "Anton Guijarro, David"]
[Result "1-0"]
[WhiteElo "3231"]
[BlackElo "2943"]
[PlyCount "69"]
[EventDate "2024.??.??"]
[WhiteTeam "USA"]
[BlackTeam "ESP"]
[TimeControl "180+1"]
[WhiteClock "0:00:26"]
[BlackClock "0:00:04"]

1. e4 {[%emt 0:00:02]} c5 {[%emt 0:00:04]} 2. d4 {[%emt 0:00:04]} cxd4 {[%emt 0:00:01]} 3. c3 {[%emt 0:00:00]} dxc3 {[%emt 0:00:02]} 4. Nxc3 {[%emt 0:00:00]} e6 {[%emt 0:00:01]} 5. Nf3 {[%emt 0:00:02]} a6 {[%emt 0:00:01]} 6. Bf4 {[%emt 0:00:10]} Nc6 {[%emt 0:00:05]} 7. Be2 {[%emt 0:00:08]} Nge7 {[%emt 0:00:09]} ({RR} 7... d6 8. O-O Be7 9. Qb3 e5 10. Be3 Nf6 11. Bb6 Qd7 12. Rfd1 O-O 13. Rac1 h6 14. Nh4 Qe8 15. Ng6 Be6 16. Bc4 fxg6 17. Bxe6+ Kh7 18. Nd5 Bd8 19. Nxf6+ Rxf6 20. Bd5 Rb8 21. Be3 Be7 22. Qa4 {Nakamura,H (2775)-Caruana,F (2764) chess.com INT 2023 1-0 (44)}) ({RR} 7... d6 8. O-O Be7 9. Qb3 Nf6 10. Rfd1 Qc7 11. Qa3 e5 12. Bg5 O-O 13. Bxf6 Bxf6 14. Qxd6 Qxd6 15. Rxd6 Be7 16. Rdd1 Bc5 17. Rd5 Ba7 18. Nxe5 Nxe5 19. Rxe5 Be6 20. Nd5 Bd4 21. Rg5 b5 22. Rb1 {Jakobeit,D (2250)-Milov,L (2416) Karlsruhe GER 2025 ½-½ (40)}) 8. Qb3 $146 {[%emt 0:00:13]} ({RR} 8. e5 Ng6 9. Bg3 h5 10. h3 h4 11. Bh2 b5 12. O-O Bb7 13. Ne4 Rc8 14. Rc1 Qc7 15. Nd6+ Bxd6 16. exd6 Qb6 17. Ng5 Qd4 18. Qb3 O-O 19. Qf3 Qf6 20. Qh5 Rfe8 21. Qh7+ Kf8 22. Ne4 Qxb2 {Winter Atwell,A (2250)-Nader,A (2469) Chess.com INT 2020 1-0 (31)}) 8... Ng6 {[%emt 0:00:05]} 9. Be3 {[%emt 0:00:02]} b5 {[%emt 0:00:05]} 10. h4 {[%emt 0:00:01]} Qc7 {[%emt 0:00:24]} 11. h5 {[%emt 0:00:10]} Nf4 {[%emt 0:00:17]} 12. Bf1 {[%emt 0:00:01]} Na5 {[%emt 0:00:01]} 13. Qd1 {[%emt 0:00:02]} Nc4 {[%emt 0:00:07]} 14. Rc1 {[%emt 0:00:21]} Bb4 {[%emt 0:00:20]} 15. Qb3 {[%emt 0:00:59]} Ba5 {[%emt 0:00:52]} 16. Rh4 {[%emt 0:00:20]} Nxe3 {[%emt 0:00:13]} 17. fxe3 {[%emt 0:00:02]} Nxh5 {[%emt 0:00:03]} 18. Rxh5 {[%emt 0:00:02]} Qg3+ {[%emt 0:00:00]} 19. Ke2 {[%emt 0:00:05]} O-O {[%emt 0:00:00]} 20. Rg5 {[%emt 0:00:09]} Qb8 {[%emt 0:00:04]} 21. Kf2 {[%emt 0:00:01]} h6 {[%emt 0:00:01]} 22. Rh5 {[%emt 0:00:01]} Bb7 {[%emt 0:00:02]} 23. Bd3 {[%emt 0:00:00]} Bc7 {[%emt 0:00:04]} 24. Ne2 {[%emt 0:00:01]} Rc8 {[%emt 0:00:03]} 25. Rch1 {[%emt 0:00:02]} Bd6 {[%emt 0:00:02]} 26. g4 {[%emt 0:00:01]} f6 {[%emt 0:00:07]} 27. Ned4 {[%emt 0:00:02]} Re8 {[%emt 0:00:02]} 28. Bb1 {[%emt 0:00:04]} Bg3+ {[%emt 0:00:01]} 29. Kg2 {[%emt 0:00:01]} d5 {[%emt 0:00:02]} 30. exd5 {[%emt 0:00:02]} Bxd5 {[%emt 0:00:02]} 31. Rxd5 {[%emt 0:00:00]} exd5 {[%emt 0:00:00]} 32. Qxd5+ {[%emt 0:00:00]} Kh8 {[%emt 0:00:01]} 33. Qf5 {[%emt 0:00:01]} Kg8 {[%emt 0:00:01]} 34. Qh7+ {[%emt 0:00:01]} Kf8 {[%emt 0:00:09]} 35. Nf5 {[%emt 0:00:00]} 1-0

[Event "Titled Tue 27th Aug Early"]
[Site "chess.com INT"]
[Date "2024.08.27"]
[Round "8"]
[White "Nakamura, Hi"]
[Black "Mamedov, Edgar"]
[Result "1-0"]
[WhiteElo "2802"]
[BlackElo "2443"]
[PlyCount "47"]
[EventDate "2024.08.27"]

1. e4 c5 2. d4 cxd4 3. c3 dxc3 4. Nxc3 Nc6 5. Nf3 e6 6. Bf4 Bb4 7. Bd3 Nf6 ({RR} 7... Nge7 8. O-O O-O 9. a3 Bxc3 10. bxc3 d5 11. e5 Ng6 12. Bg3 f5 13. exf6 Qxf6 14. c4 dxc4 15. Bxc4 Kh8 16. Re1 e5 17. Bd5 Bg4 18. h3 Bh5 19. Qb3 Bxf3 20. Qxf3 Nd4 21. Qxf6 gxf6 22. Bxb7 {Theodorou,N (2561)-So,W (2778) Saint Louis 2022 0-1 (56)}) ({RR} 7... Nge7 8. e5 d5 9. a3 Bxc3+ 10. bxc3 Qa5 11. Rc1 Qxa3 12. Qe2 Ng6 13. Bd2 Qa4 14. h4 Nf4 15. Bxf4 Qxf4 16. O-O h6 17. Rb1 O-O 18. g3 Qa4 19. Bb5 Qa5 20. Qe3 Bd7 21. Bd3 Rab8 22. Bc2 {Burke,P-Eminov,O (2239) chess.com INT 2025 0-1 (42)}) 8. O-O O-O $146 ({RR} 8... d5 9. e5 Nd7 10. Rc1 O-O 11. Bxh7+ Kxh7 12. Ng5+ Kg6 13. Qd3+ f5 14. Nxe6 {1-0 (14) Theodorou,N (2561)-Lewtak,D (2381) Chess.com INT 2022}) 9. e5 Bxc3 10. bxc3 Nd5 11. Bg3 f5 12. exf6 Qxf6 13. Bd6 Re8 14. c4 Nf4 15. Be4 e5 16. Re1 b6 17. Nxe5 Bb7 18. Nxd7 Qg5 19. Bxf4 Qxf4 20. Bxh7+ Kxh7 21. Rxe8 Qg5 22. Qd3+ g6 23. Qh3+ Kg7 24. Qh8+ 1-0

[Event "Titled Tue 23rd Jul Late"]
[Site "chess.com INT"]
[Date "2024.07.23"]
[Round "5"]
[White "Nakamura, Hi"]
[Black "Anton Guijarro, D.."]
[Result "1-0"]
[WhiteElo "2802"]
[BlackElo "2669"]
[PlyCount "69"]
[EventDate "2024.07.23"]

1. e4 c5 2. d4 cxd4 3. c3 dxc3 4. Nxc3 e6 5. Nf3 a6 6. Bf4 Nc6 ({RR} 6... b5 7. Bd6 Bb7 8. Bxf8 Kxf8 9. Qd6+ Qe7 10. Qb6 d5 11. exd5 Bxd5 12. Nxd5 exd5+ 13. Be2 Nf6 14. O-O Nbd7 15. Qc6 Rb8 16. Rfe1 Qe6 17. Rac1 Qxc6 18. Rxc6 Nb6 19. Nd4 h5 20. Bf3 Rh6 21. h4 {Nakamura,H (2802)-Ivic,V (2592) chess.com INT 2024 ½-½ (93)}) 7. Be2 Nge7 ({RR} 7... d6 8. O-O Be7 9. Qb3 e5 10. Be3 Nf6 11. Bb6 Qd7 12. Rfd1 O-O 13. Rac1 h6 14. Nh4 Qe8 15. Ng6 Be6 16. Bc4 fxg6 17. Bxe6+ Kh7 18. Nd5 Bd8 19. Nxf6+ Rxf6 20. Bd5 Rb8 21. Be3 Be7 22. Qa4 {Nakamura,H (2775)-Caruana,F (2764) chess.com INT 2023 1-0 (44)}) ({RR} 7... d6 8. O-O Be7 9. Qb3 Nf6 10. Rfd1 Qc7 11. Qa3 e5 12. Bg5 O-O 13. Bxf6 Bxf6 14. Qxd6 Qxd6 15. Rxd6 Be7 16. Rdd1 Bc5 17. Rd5 Ba7 18. Nxe5 Nxe5 19. Rxe5 Be6 20. Nd5 Bd4 21. Rg5 b5 22. Rb1 {Jakobeit,D (2250)-Milov,L (2416) Karlsruhe GER 2025 ½-½ (40)}) 8. Qb3 $146 ({RR} 8. e5 Ng6 9. Bg3 h5 10. h3 h4 11. Bh2 b5 12. O-O Bb7 13. Ne4 Rc8 14. Rc1 Qc7 15. Nd6+ Bxd6 16. exd6 Qb6 17. Ng5 Qd4 18. Qb3 O-O 19. Qf3 Qf6 20. Qh5 Rfe8 21. Qh7+ Kf8 22. Ne4 Qxb2 {Winter Atwell,A (2250)-Nader,A (2469) Chess.com INT 2020 1-0 (31)}) 8... Ng6 9. Be3 b5 10. h4 Qc7 11. h5 Nf4 12. Bf1 Na5 13. Qd1 Nc4 14. Rc1 Bb4 15. Qb3 Ba5 16. Rh4 Nxe3 17. fxe3 Nxh5 18. Rxh5 Qg3+ 19. Ke2 O-O 20. Rg5 Qb8 21. Kf2 h6 22. Rh5 Bb7 23. Bd3 Bc7 24. Ne2 Rc8 25. Rch1 Bd6 26. g4 f6 27. Ned4 Re8 28. Bb1 Bg3+ 29. Kg2 d5 30. exd5 Bxd5 31. Rxd5 exd5 32. Qxd5+ Kh8 33. Qf5 Kg8 34. Qh7+ Kf8 35. Nf5 1-0

[Event "Chessable Masters Div 1 W"]
[Site "chess.com INT"]
[Date "2023.04.07"]
[Round "4.4"]
[White "Nakamura, Hi"]
[Black "Caruana, F.."]
[Result "1-0"]
[WhiteElo "2775"]
[BlackElo "2764"]
[PlyCount "87"]
[EventDate "2023.04.03"]

1. e4 c5 2. d4 cxd4 3. c3 dxc3 4. Nxc3 e6 5. Nf3 a6 6. Bf4 Nc6 7. Be2 d6 ({RR} 7... Nge7 8. Qb3 Ng6 9. Be3 b5 10. h4 Qc7 11. h5 Nf4 12. Bf1 Na5 13. Qd1 Nc4 14. Rc1 Bb4 15. Qb3 Ba5 16. Rh4 Nxe3 17. fxe3 Nxh5 18. Rxh5 Qg3+ 19. Ke2 O-O 20. Rg5 Qb8 21. Kf2 h6 22. Rh5 {Nakamura,H (3231)-Anton Guijarro,D (2943) Chess.com 2024 1-0 (35)}) ({RR} 7... Nge7 8. Qb3 Ng6 9. Be3 b5 10. h4 Qc7 11. h5 Nf4 12. Bf1 Na5 13. Qd1 Nc4 14. Rc1 Bb4 15. Qb3 Ba5 16. Rh4 Nxe3 17. fxe3 Nxh5 18. Rxh5 Qg3+ 19. Ke2 O-O 20. Rg5 Qb8 21. Kf2 h6 22. Rh5 {Nakamura,H (2802)-Anton Guijarro,D (2669) chess.com INT 2024 1-0 (35)}) 8. O-O Be7 9. Qb3 e5 $146 ({RR} 9... Nf6 10. Rfd1 Qc7 11. Qa3 e5 12. Bg5 O-O 13. Bxf6 Bxf6 14. Qxd6 Qxd6 15. Rxd6 Be7 16. Rdd1 Bc5 17. Rd5 Ba7 18. Nxe5 Nxe5 19. Rxe5 Be6 20. Nd5 Bd4 21. Rg5 b5 22. Rb1 Rad8 23. Ne7+ Kh8 24. Nc6 {Jakobeit,D (2250)-Milov,L (2416) Karlsruhe GER 2025 ½-½ (40)}) 10. Be3 Nf6 11. Bb6 Qd7 12. Rfd1 O-O 13. Rac1 h6 14. Nh4 Qe8 15. Ng6 Be6 16. Bc4 fxg6 17. Bxe6+ Kh7 18. Nd5 Bd8 19. Nxf6+ Rxf6 20. Bd5 Rb8 21. Be3 Be7 22. Qa4 Rc8 23. Rc3 g5 24. Rdc1 g4 25. b4 Qg6 26. Bxc6 bxc6 27. Rxc6 Rcf8 28. Qc2 h5 29. Rxa6 h4 30. Ra7 R6f7 31. Qe2 g3 32. f3 gxh2+ 33. Kh1 h3 34. Rcc7 Qe6 35. g3 Kh8 36. Kxh2 d5 37. Rxe7 Rxe7 38. Rxe7 Qxe7 39. Bc5 Qf7 40. Bxf8 Qxf8 41. exd5 Qxb4 42. Qxe5 Qd2+ 43. Kxh3 Qd3 44. Qe8+ 1-0

[Event "Titled Tue 9th May Late"]
[Site "chess.com INT"]
[Date "2023.05.09"]
[Round "7"]
[White "Nakamura, Hi"]
[Black "Yoo, Christopher Woojin"]
[Result "1-0"]
[WhiteElo "2775"]
[BlackElo "2607"]
[PlyCount "107"]
[EventDate "2023.05.09"]

1. e4 c5 2. d4 cxd4 3. c3 dxc3 4. Nxc3 Nc6 5. Nf3 d6 6. Bc4 e6 7. O-O a6 8. Bf4 Nf6 9. Qe2 Be7 10. Rfd1 Qc7 11. Rac1 O-O 12. Bb3 Qb8 13. Na4 b5 14. Rxc6 bxa4 15. Bxa4 Bd7 16. Rc4 Bxa4 17. Rxa4 Qb5 18. Rc4 Rac8 $146 ({RR} 18... d5 19. exd5 Nxd5 20. Bg3 Bf6 21. Nd4 Qb7 22. h3 Rac8 23. Rdc1 Rxc4 24. Rxc4 Rc8 25. Rxc8+ Qxc8 26. Be5 Qc1+ 27. Kh2 Bxe5+ 28. Qxe5 Qxb2 29. Qd6 Qb6 30. Qxb6 Nxb6 31. Kg3 Kf8 32. Kf3 Ke7 33. Nc6+ {Koenig,T (1684)-Cummings,N (1597) Gerlingen 2007 0-1 (41)}) 19. b3 d5 20. exd5 Nxd5 21. Be5 Nb6 22. Nd4 Qe8 23. Rcc1 Nd5 24. Qxa6 Nc3 25. Nf5 exf5 26. Rxc3 Ra8 27. Qe2 Bf6 28. Re3 Qc6 29. Bxf6 Qxf6 30. a4 Rfb8 31. Red3 g6 32. g3 Kg7 33. Qf3 Ra6 34. Rc3 Rb4 35. Rd7 Re4 36. Rcc7 Rae6 37. a5 h5 38. Rxf7+ Qxf7 39. Rxf7+ Kxf7 40. Qc3 h4 41. Kg2 hxg3 42. hxg3 Re2 43. b4 Ra2 44. Qc4 Ra1 45. Qc7+ Re7 46. Qc3 Ree1 47. b5 Rg1+ 48. Kf3 Rgc1 49. Qb3+ Kg7 50. b6 Rcb1 51. Qc3+ Kh7 52. Qc7+ Kh6 53. b7 Rb3+ 54. Kg2 1-0

[Event "Titled Tuesday intern op 16th Feb"]
[Site "Chess.com INT"]
[Date "2021.02.16"]
[Round "9"]
[White "Nakamura, Hikaru"]
[Black "Preotu, Razvan"]
[Result "1-0"]
[WhiteElo "2736"]
[BlackElo "2487"]
[PlyCount "83"]
[EventDate "2021.02.16"]
[EventType "swiss (blitz)"]
[EventRounds "11"]
[EventCountry "USA"]
[SourceTitle "EXT 2022"]
[Source "ChessBase"]
[SourceDate "2021.10.06"]
[SourceVersion "1"]
[SourceVersionDate "2021.10.06"]
[SourceQuality "1"]

1. e4 {Zakhartsov,Viacheslav V} c5 2. d4 cxd4 3. c3 dxc3 4. Nxc3 Nc6 5. Nf3 e6 6. Bc4 Bb4 7. O-O Nge7 8. e5 ({RR} 8. Nb5 d5 9. exd5 exd5 10. Bxd5 ({RR} 10. Bf4 O-O 11. Nc7 ({RR} 11. Bb3 Be6) 11... dxc4 12. Nxa8 ({RR} 12. Qxd8 Rxd8 13. Nxa8 Nd5 14. Bc7 Rf8 15. a3 Ba5 16. Bxa5 Nxa5 17. Rad1 Be6) 12... Nd5 13. Bc7 Qd7 14. a3 Be7 15. Bg3 Qd8 16. Rc1 Be6) 10... Nxd5 11. Qxd5 O-O ({RR} 11... Be6 12. Qxd8+ Rxd8 13. Nc7+ Kd7 14. Nxe6 Kxe6) 12. Qxd8 Rxd8 13. Be3 Bg4 14. Rfd1 a6 15. Nbd4 ({RR} 15. Nc7 Rac8 16. Nd5 Ba5 17. a3 Rd7) 15... Nxd4 16. Rxd4 Rxd4 17. Nxd4 Rc8 18. h3 ({RR} 18. f3 Bd7 19. Rd1 f6 20. Kf2) 18... Bd7 19. Rd1 f6 20. Bf4 ({RR} 20. f3 Kf7 21. Kf2) 20... Kf7 21. Nc2 Ba4 ({RR} 21... Rxc2 22. Rxd7+ Kg6 23. a3 ({RR} 23. Rxb7 Rxb2 24. a4 a5 25. g4 Ra2) 23... Be1 24. Rxb7 Bxf2+ 25. Kh2 h5) 22. Rd4 Bf8 {Schmidt,H (2408)-Zakhartsov,V (2562) Travemuende 2009 CBM 134 Extra [Zakhartsov,Viacheslav V] ½-½ (48)} ({RR} 22... Rxc2 23. Rxb4 Bc6 24. Be3) {RR} 23. Rxa4 Rxc2 24. b3 Ke6 25. Be3 Bd6) ({RR} 8. Qe2 O-O 9. Rd1 Ng6 10. Bg5 Qa5 11. Rac1 h6 12. Bd2 Qh5) ({RR} 8. Bf4 Bxc3 9. bxc3 d5 10. exd5 exd5 11. Bd3 O-O 12. Qc2 h6) ({RR} 8. Bg5 f6 9. Be3 O-O 10. Qb3 Bxc3 11. Qxc3 Qa5 12. Rfd1 Qxc3 13. bxc3 f5 14. e5 Ng6 15. Bc5 Ngxe5 16. Nxe5 Nxe5 17. Bxf8 Nxc4) 8... d5 ({RR} 8... O-O 9. Ne4 Ng6 10. a3 Be7 11. Re1 Qc7 12. Bg5 Bxg5 13. Nexg5 h6 14. Ne4 Ncxe5 15. Nxe5 Nxe5 16. Ba2 d5 17. Rc1 Qe7 18. Nc3 Nc6 19. Nxd5 Qg5 20. Nc3 Rd8 21. Qf3 Bd7 22. Ne4 Qg6 23. Nd6 {Zlatin,A (2306)-Swara Lakshmi S Nair (2216) chess.com INT 2025 1-0 (66)}) 9. exd6 Qxd6 10. Nb5 $146 ({RR} 10. Qc2 Bxc3 11. bxc3 O-O 12. Rd1 Qc5 13. Bd3 h6 14. a4 Qh5 15. h3 e5 16. Ba3 Bxh3 17. Bh7+ Kh8 18. Be4 Bg4 19. Bxc6 Nxc6 20. Bxf8 Rxf8 21. Re1 Bxf3 22. gxf3 f5 23. Kf1 Qxf3 24. Rad1 Qh3+ {Begmuratov,A (2395)-Shturman,A (2076) chess.com INT 2023 0-1}) 10... Qxd1 11. Rxd1 O-O 12. Nc7 Rb8 13. Bf4 Ng6 14. Bg3 e5 15. a3 Ba5 16. Nb5 Bg4 17. Bd5 Nge7 18. h3 Bh5 19. Ba2 Rbd8 20. Rxd8 Rxd8 21. Nxe5 Nxe5 22. Bxe5 Nc6 23. Bf4 a6 24. Nd6 g5 25. Bg3 Bc7 26. Nxf7 Bxf7 27. Bxc7 Rd2 28. Bxf7+ Kxf7 29. b4 Nd4 30. Be5 Ne2+ 31. Kf1 Ke6 32. Re1 Kxe5 33. Rxe2+ Rxe2 34. Kxe2 Kd4 35. g3 h5 36. f3 b5 37. h4 gxh4 38. gxh4 Kc4 39. Ke3 Kb3 40. f4 Kxa3 41. f5 a5 42. bxa5 1-0

[Event "Titled Tue 19th Mar Late"]
[Site "chess.com INT"]
[Date "2024.03.19"]
[Round "8"]
[White "Nihal, Sarin"]
[Black "Maksimovic, Bojan"]
[Result "1-0"]
[WhiteElo "2698"]
[BlackElo "2497"]
[PlyCount "71"]
[EventDate "2024.03.19"]

1. e4 c5 2. Nc3 e6 3. f4 d5 4. Nf3 dxe4 5. Nxe4 Nc6 6. Bb5 Bd7 7. O-O Nh6 ({RR} 7... Nf6 8. d3 a6 9. Nxf6+ gxf6 10. Ba4 Nd4 11. Bxd7+ Qxd7 12. Be3 Nf5 13. Qe2 O-O-O 14. Bf2 Qc7 15. Nd2 Qxf4 16. Ne4 Qc7 17. c3 Bd6 18. b4 Bxh2+ 19. Kh1 Bg3 20. bxc5 Rhg8 21. Kg1 Bh2+ 22. Kh1 {Polgar,J (2722)-Kramnik,V (2777) Cap d'Agde 2003 ½-½ (35)}) 8. d3 Be7 9. Kh1 ({RR} 9. Ng3 O-O 10. c3 Bh4 11. Qe1 Bxg3 12. Qxg3 Nf5 13. Qh3 Nb8 14. Bc4 Nd6 15. Bb3 e5 16. Qh5 Bf5 17. Nxe5 Bxd3 18. Nxd3 c4 19. Bc2 cxd3 20. Bxd3 Qb6+ 21. Kh1 g6 22. Qf3 Nd7 23. Qf2 Nc5 {Campoy Prades,M (1744)-Blasco Cardona,P (1421) Barcelona 2022 1-0 (34)}) 9... Nf5 10. a4 $146 ({RR} 10. Bxc6 Bxc6 11. Ne5 Bxe4 12. dxe4 Qxd1 13. Rxd1 Nd6 14. Re1 Rd8 15. g3 O-O 16. Kg2 h6 17. Kf3 Rfe8 18. c3 Bf6 19. Ng4 Be7 20. Ne5 Bf6 21. Nd3 c4 22. Nf2 Be7 23. Be3 b6 24. Rad1 Nb7 {Jacek,K (1858)-Zmarzly,A (1733) Wroclaw 2007 1-0 (46)}) 10... O-O 11. Ne5 Nxe5 12. fxe5 Bxb5 13. axb5 Qd5 14. Bf4 c4 15. Nc3 Qc5 16. Qg4 cxd3 17. cxd3 Kh8 18. Rf3 Rad8 19. Raf1 Rd4 20. Qh3 a6 21. bxa6 bxa6 22. Ne4 Qc7 23. Bg5 Bxg5 24. Nxg5 h6 25. g4 Rxg4 26. Nxf7+ Rxf7 27. Qxg4 Qxe5 28. Qe4 Qd6 29. Re1 Rf6 30. d4 Qb6 31. d5 exd5 32. Qxd5 Qb5 33. Qxb5 axb5 34. Re5 Nd4 35. Rxf6 gxf6 36. Rd5 1-0

[Event "European Rapid 2022"]
[Site "Katowice POL"]
[Date "2022.12.18"]
[Round "11.13"]
[White "Adams, Mi"]
[Black "Akesson, R.."]
[Result "1-0"]
[WhiteElo "2688"]
[BlackElo "2404"]
[PlyCount "133"]
[EventDate "2022.12.17"]
[EventType "rapid"]

1. e4 c5 2. Nc3 Nc6 3. Bb5 g6 4. Bxc6 dxc6 5. f4 Bg7 6. Nf3 Nf6 7. O-O O-O 8. d3 Ne8 ({RR} 8... b6 9. Qe1 Ne8 10. Be3 Nc7 11. Qh4 f6 12. Rad1 Nb5 13. Ne2 Qe8 14. c4 Nd6 15. g4 Nf7 16. Kh1 Qd7 17. Rg1 e5 18. f5 g5 19. Qf2 Re8 20. h4 h6 21. Ng3 Kf8 22. Nh5 Bh8 23. Rg2 {Hernandez Guerrero,G (2547)-Cubas,J (2485) Caioba 2019 1-0 (34)}) 9. Qe1 Nc7 10. f5 ({RR} 10. Kh1 Ne6 11. Qh4 Nd4 12. Ng5 h6 13. Nf3 Nxc2 14. Rb1 e6 15. Qf2 Nd4 16. e5 b6 17. Ne4 Ba6 18. Rd1 Qe7 19. Nxd4 cxd4 20. Qxd4 c5 21. Qc3 Rfd8 22. Be3 Bb7 23. Nd6 Qxd6 24. exd6 Bxc3 {Sahin,S (2212)-Tirado,H (2008) chess.com INT 2025 0-1 (56)}) 10... gxf5 $146 ({RR} 10... e6 11. fxg6 hxg6 12. Bg5 f6 13. Be3 e5 14. Bxc5 Re8 15. Nh4 Ne6 16. Be3 Nf8 17. Qg3 Kh7 18. Bc5 g5 19. Nf5 Ne6 20. Be3 Rh8 21. h4 Nf4 22. Nxg7 Kxg7 23. hxg5 fxg5 24. d4 Rh4 25. Bxf4 {Langhans,J (1937)-Virnyi,J (2087) Germany 2015 0-1 (32)}) 11. Qg3 fxe4 12. Bh6 Ne6 13. Bxg7 Nxg7 14. Nxe4 b6 15. Ne5 f6 16. Nc4 Be6 17. b3 Qb8 18. Qf2 Qc7 19. Rae1 Rad8 20. Re3 Bf5 21. Ncd2 Bg6 22. Nf3 Rd5 23. Nc3 Rd7 24. Nh4 Bf7 25. Rg3 Kh8 26. Qe3 Rg8 27. Qh6 Qe5 28. Ne4 Qh5 29. Qf4 Ne6 30. Rxg8+ Bxg8 31. Qf2 Ng7 32. Qf4 Ne6 33. Qf2 Ng7 34. Re1 Rd5 35. h3 Re5 36. Nf3 Re6 37. Rf1 Qh6 38. Qg3 Nh5 39. Qh4 Qg6 40. Kh2 f5 41. Nc3 Re3 42. Qf2 f4 43. Ne4 Bd5 44. Ne5 Qg7 45. Ng4 Rg3 46. Qe1 Rxg4 47. hxg4 Qxg4 48. Qc3+ Kg8 49. Qe5 Bxe4 50. dxe4 Qh4+ 51. Kg1 Ng3 52. Re1 Qh1+ 53. Kf2 Qh4 54. Kf3 Nh1 55. Ke2 Qf2+ 56. Kd1 Ng3 57. a4 h6 58. c3 Nf1 59. Qe6+ Kh8 60. Qxh6+ Kg8 61. Qg6+ Kf8 62. Qf5+ Ke8 63. Qh5+ Kf8 64. Qe2 Ne3+ 65. Kd2 Qg3 66. Qf3 Qg5 67. Rxe3 1-0

[Event "Tilburg Fontys"]
[Site "Tilburg"]
[Date "1997.10.08"]
[Round "10"]
[White "Adams, Michael"]
[Black "Lautier, Joel"]
[Result "1-0"]
[WhiteElo "2680"]
[BlackElo "2660"]
[PlyCount "45"]
[EventDate "1997.09.27"]
[EventType "tourn"]
[EventRounds "11"]
[EventCountry "NED"]
[EventCategory "17"]
[SourceTitle "CBM 061"]
[Source "ChessBase"]
[SourceDate "1997.11.23"]
[SourceVersion "1"]
[SourceVersionDate "1997.11.23"]
[SourceQuality "1"]

1. e4 c5 2. Nc3 e6 3. f4 d5 4. Nf3 dxe4 5. Nxe4 Be7 6. d4 cxd4 7. Qxd4 Qxd4 8. Nxd4 a6 9. Be3 Nd7 10. g3 $146 ({RR} 10. O-O-O Ngf6 11. Nxf6+ Nxf6 12. g3 O-O 13. Bg2 Ng4 14. Bg1 e5 15. Nb3 exf4 16. gxf4 Bh4 17. Rf1 a5 18. h3 Nh6 19. Bb6 Nf5 20. Rf3 Be6 21. Rd1 Ra6 22. Bg1 Rd6 23. Rxd6 Nxd6 24. Bc5 Rd8 {Talukdar,R (1848)-Randolph,J Blue Ash 2015 1-0 (56)}) 10... Ngf6 11. Bg2 Nxe4 12. Bxe4 Nc5 13. Bf3 Bd7 14. O-O-O Rc8 15. Rd2 Rc7 16. Rhd1 Na4 17. Ne2 Bb5 18. Bd4 f6 19. b3 Bb4 20. bxa4 Bxd2+ 21. Rxd2 Bxa4 22. Nc3 Bc6 23. Bh5+ 1-0

[Event "BLR-ch"]
[Site "Minsk"]
[Date "2011.01.23"]
[Round "12"]
[White "Zhigalko, Sergei"]
[Black "Tihonov, Jurij"]
[Result "1-0"]
[WhiteElo "2671"]
[BlackElo "2474"]
[PlyCount "111"]
[EventDate "2011.01.12"]
[EventType "tourn"]
[EventRounds "13"]
[EventCountry "BLR"]
[EventCategory "9"]
[SourceTitle "CBM 140 Extra"]
[Source "ChessBase"]
[SourceDate "2011.03.01"]
[SourceVersion "1"]
[SourceVersionDate "2011.03.01"]
[SourceQuality "1"]

1. e4 c5 2. d4 cxd4 3. c3 dxc3 4. Nxc3 d6 5. Bc4 Nc6 6. Nf3 Nf6 7. e5 dxe5 8. Qxd8+ Kxd8 9. Ng5 Na5 10. Bxf7 e6 11. Bg6 $146 ({RR} 11. Bxe6 Bxe6 12. Nxe6+ Kd7 13. Ng5 Bb4 14. Bd2 Bxc3 15. Bxc3 Nc6 16. O-O-O+ Kc7 17. Rhe1 Rhe8 18. Nf7 Nd7 19. f3 Kb6 20. Rxd7 g6 21. Nd6 Re6 22. Nc4+ Kb5 23. Nxe5 Nxe5 24. Rxe5+ Rxe5 25. Bxe5 Rc8+ {Cardenas Carbajal,N (2126)-Dzhaparov,M (1602) chess.com INT 2023 1-0 (45)}) ({RR} 11. Bxe6 Bxe6 12. Nxe6+ Ke7 13. Ng5 h6 14. Nf3 Nc6 15. O-O Kf7 16. Re1 Bc5 17. Be3 Bb4 18. Rac1 Rad8 19. a3 Bxc3 20. Rxc3 Rd5 21. Kf1 Rhd8 22. Ke2 R8d7 23. h3 Re7 24. Rd1 Nd4+ 25. Nxd4 exd4 {Bertagnolli,A (2191)-Everet,A (2357) Salsomaggiore Terme 2000 ½-½ (41)}) ({RR} 11. O-O Bb4 12. Bxe6 Ke7 13. Bxc8 Raxc8 14. Re1 Nc4 15. Bf4 Bxc3 16. bxc3 Rc5 17. Rab1 b6 18. Bg3 h6 19. Ne4 Nxe4 20. Rxe4 Nd2 21. Rbe1 Nxe4 22. Rxe4 Kf6 23. h4 Rd8 24. h5 Rd2 25. Ra4 a5 {Sow,M (1524)-Xie,K (1745) Penang 2018 0-1 (39)}) 11... Ke7 12. Bd3 Nc6 13. O-O h6 14. Nf3 g5 15. Re1 Bg7 16. Bb5 Bd7 17. Bxc6 Bxc6 18. Nxe5 Rhc8 19. Be3 Nd7 20. Bd4 Nxe5 21. Bxe5 Bxe5 22. Rxe5 Rf8 23. Rae1 Rf6 24. f3 Rg8 25. h3 Rd8 26. R1e2 Rd6 27. h4 gxh4 28. Kh2 Kf7 29. Rh5 Rd4 30. Kh3 a6 31. Rxh4 Rxh4+ 32. Kxh4 Rf4+ 33. Kg3 Rd4 34. Kf2 b5 35. Ke3 e5 36. Rc2 Ke6 37. Rc1 Rh4 38. a3 a5 39. Ne2 Kd7 40. Ng3 b4 41. Nf5 Rh2 42. Kf2 e4 43. f4 bxa3 44. bxa3 Rh5 45. Ne3 Rb5 46. f5 Rb3 47. Rh1 Rxa3 48. Rxh6 a4 49. Rh7+ Ke8 50. g4 Bd7 51. Rh8+ Ke7 52. g5 Rd3 53. g6 Kf6 54. Rf8+ Kg7 55. Rf7+ Kg8 56. Ng4 1-0

[Event "Titled Tue 3rd Jan Late"]
[Site "chess.com INT"]
[Date "2023.01.03"]
[Round "8"]
[White "Indjic, A.."]
[Black "Kanakaris, G.."]
[Result "1-0"]
[WhiteElo "2641"]
[BlackElo "2391"]
[PlyCount "85"]
[EventDate "2023.01.03"]

1. e4 c5 2. Nc3 Nc6 3. Bb5 g6 4. Bxc6 dxc6 5. d3 Bg7 6. f4 Nf6 7. Nf3 O-O 8. O-O b6 9. Qe1 ({RR} 9. a4 a5 10. h3 Ne8 11. Be3 Nc7 12. Rb1 Ne6 13. Qd2 Nd4 14. Ne2 Nxf3+ 15. Rxf3 f5 16. exf5 Bxf5 17. b3 Qd5 18. Nc3 Qd7 19. Rbf1 h5 20. Bf2 e5 21. fxe5 Bxe5 22. Nd1 Bg7 23. Bg3 Kh7 {Moiseenko,V (2532)-Nechaev,O (2371) Sochi 2019 1-0 (51)}) 9... Ba6 10. b3 ({RR} 10. f5 Qc7 11. Qh4 e5 12. Bh6 Qe7 13. Ng5 Nh5 14. Bxg7 Kxg7 15. Ne6+ {1-0 (15) Bersamina,P (2411)-Naudin,Y (1916) Bangkok THA 2025}) 10... Nd7 $146 ({RR} 10... Qc8 11. Bb2 Nh5 12. Qh4 e6 13. Na4 Bxb2 14. Nxb2 Qd8 15. Qxd8 Raxd8 16. Ne5 Bb7 17. g4 Ng7 18. a4 f6 19. Nf3 Ba6 20. Kg2 h5 21. h3 hxg4 22. hxg4 Kf7 23. Kg3 Rh8 24. Rh1 Rde8 25. e5 {Novik,M (2436)-Goncalves,D (2282) chess.com INT 2023 0-1}) 11. e5 f6 12. Bb2 fxe5 13. fxe5 Qc7 14. Nd1 Rf4 15. e6 Bxb2 16. Nxb2 Nf6 17. Qe5 Rc8 18. Rae1 Qxe5 19. Nxe5 Rxf1+ 20. Kxf1 Bb7 21. a4 Rf8 22. Kg1 Nd5 23. Nbc4 Nf4 24. Nd7 Rf5 25. g3 Nd5 26. a5 b5 27. Nxc5 bxc4 28. bxc4 Bc8 29. cxd5 Rxd5 30. Nb3 Ba6 31. Re3 Kg7 32. c4 Rd8 33. Nc5 Bc8 34. Re2 Rd6 35. Rb2 Bxe6 36. Rb7 Bf7 37. Rxe7 Rd8 38. Rxa7 Rb8 39. a6 Rb1+ 40. Kf2 Rb2+ 41. Ke3 Kf6 42. Rb7 Ra2 43. a7 1-0